An introduction to English language: Word, sound and sentence

保存先:
書誌詳細
第一著者: Koenraad Kuiper
フォーマット: 図書
言語:Undetermined
出版事項: New York, NY Palgrave MacMillan 2004
主題:
タグ: タグ追加
タグなし, このレコードへの初めてのタグを付けませんか!
Thư viện lưu trữ: Trung tâm Học liệu Trường Đại học Cần Thơ
LEADER 00640nam a2200205Ia 4500
001 CTU_65708
008 210402s9999 xx 000 0 und d
020 |b 165000 
082 |a 428.24 
082 |b K95 
100 |a Koenraad Kuiper 
245 3 |a An introduction to English language: Word, sound and sentence 
245 0 |c Koenraad Kuiper and W. Scott Allan 
260 |a New York, NY 
260 |b Palgrave MacMillan 
260 |c 2004 
650 |a english language,english language 
650 |x textbooks for foreign speakers,problems, exercises, etc. 
904 |i Minh 
980 |a Trung tâm Học liệu Trường Đại học Cần Thơ